[Event "IV Open Inverno Vomero"]
[Site "Napoli ITA"]
[Date "2009.02.05"]
[Round "5"]
[White "Pinto, Gaetano"]
[Black "Rosato, Luciano"]
[Result "1-0"]
[WhiteElo "2044"]
[BlackElo "2267"]
[PlyCount "95"]
[EventDate "2009.01.08"]

1. d4 Nf6 2. Nf3 g6 3. c3 Bg7 4. Bg5 O-O 5. Nbd2 d6 6. e4 h6 7. Bh4 Nbd7 8. Be2
e5 9. dxe5 dxe5 10. Qc2 Qe7 11. O-O g5 12. Bg3 Nh5 13. Rfe1 Nxg3 14. hxg3 Re8
15. Nc4 Nf8 16. b4 h5 17. Ne3 c6 18. a4 Qf6 19. a5 Ng6 20. Red1 g4 21. Nd2 h4
22. Ndf1 hxg3 23. Nxg3 Qg5 24. Ngf5 g3 25. fxg3 Be6 26. Kf2 Ne7 27. Bg4 Bxf5
28. Bxf5 Bh6 29. Qe2 Rad8 30. Qg4 Kg7 31. Ke2 Qxg4+ 32. Bxg4 Bxe3 33. Kxe3 Kg6
34. Rxd8 Rxd8 35. Rd1 Rxd1 36. Bxd1 f5 37. Bc2 fxe4 38. Bxe4+ Kf6 39. Kd3 Ke6
40. c4 Kd6 41. g4 b6 42. axb6 axb6 43. g5 c5 44. bxc5+ bxc5 45. Kc3 Ke6 46. g4
Kd6 47. g6 Ke6 48. g5 1-0

[Event "IV Open Inverno Vomero"]
[Site "Napoli ITA"]
[Date "2009.02.12"]
[Round "6"]
[White "Esposito, Rosario"]
[Black "Somma, Andrea"]
[Result "1-0"]
[WhiteElo "1867"]
[BlackElo "1392"]
[PlyCount "53"]
[EventDate "2009.01.08"]

1. d4 d5 2. c4 dxc4 3. e4 Nc6 4. Nf3 Bg4 5. Be3 Bxf3 6. gxf3 b5 7. b3 cxb3 8.
Bxb5 Qd7 9. Qxb3 e6 10. d5 exd5 11. exd5 Bb4+ 12. Nd2 Bxd2+ 13. Bxd2 Qe7+ 14.
Qe3 Qxe3+ 15. fxe3 Nge7 16. Bxc6+ Nxc6 17. dxc6 O-O 18. Rb1 Rfe8 19. Rb7 Re7
20. Kf2 Rd8 21. Bb4 Re6 22. Rxc7 Rde8 23. Bc5 a5 24. Rd1 Rb8 25. Rb7 Rc8 26. c7
h6 27. Rd8+ 1-0

[Event "IV Open Inverno Vomero"]
[Site "Napoli ITA"]
[Date "2009.02.12"]
[Round "6"]
[White "Ficco, Corrado"]
[Black "Capozzoli, Silvio"]
[Result "1-0"]
[WhiteElo "2154"]
[BlackElo "1944"]
[PlyCount "53"]
[EventDate "2009.01.08"]

1. e4 d5 2. exd5 Qxd5 3. Nc3 Qd6 4. d4 Nf6 5. Nf3 a6 6. g3 Bg4 7. Bg2 c6 8. h3
Bxf3 9. Bxf3 e6 10. Bf4 Qd8 11. O-O Nbd7 12. Re1 Be7 13. d5 cxd5 14. Bxd5 Nxd5
15. Nxd5 Rc8 16. Nxe7 Qxe7 17. Bd6 Qg5 18. Qf3 Rc6 19. Rad1 Qf6 20. Qb3 Rb6 21.
Qa4 Rc6 22. Qb3 Rb6 23. Qd3 Qd8 24. Qc3 Rc6 25. Qb3 Rxd6 26. Rxd6 Nc5 27. Rxd8+
1-0

[Event "IV Open Inverno Vomero"]
[Site "Napoli ITA"]
[Date "2009.02.12"]
[Round "6"]
[White "Gallo, Thomas Renato"]
[Black "Cosenza, Gianni"]
[Result "1-0"]
[WhiteElo "1888"]
[BlackElo "1944"]
[PlyCount "169"]
[EventDate "2009.01.08"]

1. d4 d5 2. Nf3 Nf6 3. c4 e6 4. Nc3 c6 5. e3 a6 6. Bd3 Nbd7 7. O-O dxc4 8. Bxc4
b5 9. Bd3 c5 10. b3 Bb7 11. Bb2 Qb6 12. Ne5 cxd4 13. Nxd7 Nxd7 14. exd4 Nf6 15.
Qe2 Be7 16. Rfd1 Rd8 17. Ne4 O-O 18. Nc5 Bd5 19. b4 Qc6 20. f3 Nh5 21. Bc1 Bd6
22. Be4 Rfe8 23. Bg5 f6 24. Be3 f5 25. Bd3 f4 26. Bf2 e5 27. Qc2 g6 28. Re1 Kg7
29. Qb2 exd4 30. Bxd4+ Kh6 31. Qf2 Bf8 32. Rxe8 Rxe8 33. a3 Qd6 34. Re1 Rxe1+
35. Qxe1 Bxf3 36. Be5 Qd5 37. gxf3 Qxf3 38. Qf2 Qg4+ 39. Kh1 Be7 40. Be2 Qf5
41. Bd4 Bd6 42. Qf3 Qg5 43. Ne4 Qd5 44. Nxd6 Qxd6 45. Qe4 Qc7 46. Bb2 Qd6 47.
Qd3 Qc6+ 48. Bf3 Qe6 49. Qe2 Qh3 50. Qg2 Qf5 51. Be4 Qd7 52. Bf3 Qf5 53. Qd2
Qh3 54. Qg2 Qf5 55. Bc1 Qe5 56. Qd2 g5 57. Qe2 Qa1 58. Bxh5 Qxc1+ 59. Kg2 Qc3
60. Be8 Qf6 61. h3 Kg7 62. a4 bxa4 63. Bxa4 Qd6 64. b5 axb5 65. Bxb5 Qc5 66.
Bd3 Qd5+ 67. Be4 Qe5 68. Qd3 h6 69. Qd7+ Kf6 70. Qd8+ Kg7 71. Kf3 Qc3+ 72. Qd3
Qc5 73. Qd7+ Kf8 74. Qf5+ Qxf5 75. Bxf5 Kg7 76. Kg4 Kf6 77. Bc8 Ke5 78. Kh5 f3
79. Kxh6 Kf4 80. Kh5 f2 81. Ba6 Kf5 82. Bf1 Kf4 83. Bd3 Kg3 84. Bf1 Kf4 85. Kg6
$139 1-0

[Event "IV Open Inverno Vomero"]
[Site "Napoli ITA"]
[Date "2009.02.12"]
[Round "6"]
[White "Improta, Giovanni"]
[Black "Capaldo, Salvatore"]
[Result "1-0"]
[WhiteElo "1886"]
[BlackElo "1577"]
[PlyCount "111"]
[EventDate "2009.01.08"]

1. d4 d5 2. c4 c6 3. Nf3 Bf5 4. Nc3 Nf6 5. e3 e6 6. Nh4 Bg6 7. Nxg6 hxg6 8.
cxd5 exd5 9. g3 Nbd7 10. Bg2 Bb4 11. Bd2 Bxc3 12. Bxc3 Qe7 13. Qe2 Ne4 14. Bxe4
Qxe4 15. f3 Qe6 16. e4 Nb6 17. e5 f6 18. f4 Nc4 19. h4 fxe5 20. dxe5 O-O-O 21.
Bd4 Kb8 22. a3 Rde8 23. a4 g5 24. O-O-O gxf4 25. gxf4 Qf5 26. Rdf1 Ka8 27. Qc2
Qg4 28. Rhg1 Qxh4 29. Rxg7 Rhf8 30. Qf2 Qh6 31. Rg5 b6 32. Qg3 c5 33. Bc3 Qc6
34. b3 d4 35. bxc4 dxc3 36. Qf3 Qxf3 37. Rxf3 Kb7 38. Kc2 Rf7 39. Kxc3 Ka6 40.
Rg6 Rxe5 41. fxe5 Rxf3+ 42. Kd2 Rf8 43. Ke3 Re8 44. Ke4 Re7 45. e6 Kb7 46. Kd5
Kc7 47. Rf6 Re8 48. Rf7+ Kb8 49. Kd6 Rd8+ 50. Kc6 Rc8+ 51. Kd7 Kb7 52. Kd6+ Kb8
53. Rd7 Rh8 54. e7 Rh6+ 55. Ke5 Rh5+ 56. Kf6 1-0

[Event "IV Open Inverno Vomero"]
[Site "Napoli ITA"]
[Date "2009.02.12"]
[Round "6"]
[White "Isoldo, Salvatore"]
[Black "Angelotti, Mario"]
[Result "1-0"]
[WhiteElo "1489"]
[BlackElo "1398"]
[PlyCount "85"]
[EventDate "2009.01.08"]

1. e4 c5 2. Nf3 Nc6 3. Nc3 g6 4. Bb5 a6 5. Bxc6 bxc6 6. O-O Bg7 7. d3 Nf6 8.
Ne2 d5 9. Ng3 O-O 10. Re1 Rb8 11. e5 Nd7 12. c3 Qc7 13. d4 e6 14. a3 c4 15. Rb1
c5 16. Bd2 cxd4 17. cxd4 Rb3 18. Qc1 f6 19. Bh6 fxe5 20. Bxg7 Kxg7 21. dxe5
Rbxf3 22. gxf3 Rxf3 23. Qg5 Kh8 24. Rbc1 Nc5 25. Re3 Rf8 26. Rcc3 Qg7 27. Rf3
Nd3 28. Rf6 Nxb2 29. Rcf3 Rxf6 30. exf6 Qf7 31. Qe5 Bd7 32. Qb8+ Be8 33. Qxb2
h5 34. Ne2 Kh7 35. Qe5 Kh6 36. h4 Bb5 37. Nd4 Bd7 38. Re3 Qg8 39. Nxe6 g5 40.
hxg5+ Kg6 41. Nf4+ Kh7 42. Qe7+ Kh8 43. f7 1-0

[Event "IV Open Inverno Vomero"]
[Site "Napoli ITA"]
[Date "2009.02.12"]
[Round "6"]
[White "Lombardo, Claudio"]
[Black "Cocchia, Umberto"]
[Result "1-0"]
[WhiteElo "1736"]
[BlackElo "1581"]
[PlyCount "60"]
[EventDate "2009.01.08"]

1. d4 Nf6 2. Nf3 e6 3. c4 c5 4. Nc3 cxd4 5. Nxd4 a6 6. e3 Be7 7. Be2 Qc7 8. O-O
O-O 9. Bd2 d6 10. Rc1 Bd7 11. b3 Nc6 12. Bf3 Rac8 13. Nce2 Ne5 14. Bc3 Nxf3+
15. Nxf3 Qb8 16. Re1 b5 17. cxb5 Bxb5 18. Ned4 Ne4 19. Nxb5 Qxb5 20. Bb2 Qa5
21. a3 Nc3 22. Qd2 Bf6 23. Nd4 e5 24. Ne2 Nxe2+ 25. Qxe2 Qb6 26. b4 Rc6 27.
Rxc6 Qxc6 28. Rc1 Qb7 29. Qc4 d5 30. Qc6 Rb8 1-0

[Event "IV Open Inverno Vomero"]
[Site "Napoli ITA"]
[Date "2009.02.12"]
[Round "6"]
[White "Lombardo, Michele"]
[Black "Irtuso, Emanuele"]
[Result "1-0"]
[WhiteElo "2021"]
[BlackElo "1714"]
[PlyCount "55"]
[EventDate "2009.01.08"]

1. e4 d6 2. d4 g6 3. Nf3 Bg7 4. h3 Nf6 5. Nc3 c6 6. Be3 O-O 7. Qd2 Nbd7 8.
O-O-O b5 9. Bd3 a5 10. Bh6 Bb7 11. h4 e5 12. Ne2 exd4 13. Nexd4 Ne5 14. h5
Nxd3+ 15. cxd3 Bxh6 16. Qxh6 Ng4 17. Qd2 Qf6 18. Rh4 Ne5 19. Rdh1 c5 20. Nxb5
c4 21. Nxe5 Qxe5 22. Nc3 cxd3 23. hxg6 fxg6 24. Rxh7 Bxe4 25. Qh6 Qf4+ 26. Qxf4
Rxf4 27. Nxe4 Rc8+ 28. Nc3 1-0

[Event "IV Open Inverno Vomero"]
[Site "Napoli ITA"]
[Date "2009.02.12"]
[Round "6"]
[White "Perelli, Giuseppe"]
[Black "Di Gennaro, Antonio"]
[Result "0-1"]
[WhiteElo "1416"]
[BlackElo "1592"]
[PlyCount "38"]
[EventDate "2009.01.08"]

1. d4 Nf6 2. c4 e6 3. Nf3 Bb4+ 4. Nc3 b6 5. a3 Bxc3+ 6. bxc3 Bb7 7. Bg5 h6 8.
Bh4 g5 9. Bg3 Ne4 10. Qc2 Nxg3 11. hxg3 d6 12. e4 Nd7 13. O-O-O Qe7 14. Kb2
O-O-O 15. e5 dxe5 16. dxe5 Qc5 17. Re1 g4 18. Nd4 Nxe5 19. Nb3 Nxc4+ 0-1

[Event "IV Open Inverno Vomero"]
[Site "Napoli ITA"]
[Date "2009.02.12"]
[Round "6"]
[White "Rosato, Luciano"]
[Black "Radice, Mario"]
[Result "1-0"]
[WhiteElo "2267"]
[BlackElo "1948"]
[PlyCount "59"]
[EventDate "2009.01.08"]

1. d4 Nf6 2. c4 g6 3. Nc3 d5 4. cxd5 Nxd5 5. e4 Nxc3 6. bxc3 Bg7 7. Nf3 c5 8.
Be3 Nc6 9. Rc1 Qa5 10. d5 Bxc3+ 11. Rxc3 Qxc3+ 12. Bd2 Qf6 13. dxc6 Qxc6 14.
Qb1 a6 15. Bc3 O-O 16. Ne5 Qf6 17. Qc1 Qh4 18. Qe3 Be6 19. g3 Qh5 20. h4 g5 21.
g4 Qh6 22. Bg2 f6 23. Nf3 Qg6 24. hxg5 Bxg4 25. Bh3 Bxf3 26. Be6+ Kh8 27. Qxf3
Qxg5 28. Bd2 Qe5 29. Rxh7+ Kxh7 30. Qh3+ 1-0

[Event "IV Open Inverno Vomero"]
[Site "Napoli ITA"]
[Date "2009.02.12"]
[Round "6"]
[White "Schiappoli, Dario"]
[Black "Pinto, Gaetano"]
[Result "0-1"]
[WhiteElo "1966"]
[BlackElo "2044"]
[PlyCount "52"]
[EventDate "2009.01.08"]

1. e4 e6 2. Nf3 d5 3. e5 c5 4. b4 cxb4 5. d4 Bd7 6. Bd3 Ne7 7. h4 h6 8. Nbd2
Nbc6 9. Nf1 a6 10. g4 Na7 11. Bd2 Bb5 12. Bxb4 Nec6 13. Bxf8 Rxf8 14. Ng3 Qa5+
15. Kf1 Bxd3+ 16. Qxd3 Qb5 17. Ke2 f6 18. exf6 Rxf6 19. Nh5 Rf7 20. Rab1 Qxd3+
21. cxd3 O-O-O 22. Rhc1 Kb8 23. Ke3 Rdf8 24. Nd2 g6 25. Ng3 e5 26. dxe5 Nxe5
0-1

[Event "IV Open Inverno Vomero"]
[Site "Napoli ITA"]
[Date "2009.02.12"]
[Round "6"]
[White "Sorrentino, Michele"]
[Black "Esposito, Pino"]
[Result "1-0"]
[WhiteElo "2026"]
[BlackElo "1832"]
[PlyCount "133"]
[EventDate "2009.01.08"]

1. Nf3 d5 2. b3 Nf6 3. Bb2 g6 4. d3 Bg7 5. Nbd2 O-O 6. c4 c6 7. e3 Bg4 8. Be2
Nbd7 9. h3 Bxf3 10. Nxf3 Qa5+ 11. Nd2 e5 12. O-O Rfe8 13. a3 Rad8 14. Qc2 Rc8
15. Rad1 Nf8 16. Rfe1 N6d7 17. b4 Qd8 18. Qb3 d4 19. Ne4 Nf6 20. c5 Nxe4 21.
dxe4 Ne6 22. Bc4 Qh4 23. f3 Rcd8 24. Kh2 Bh6 25. g3 Qf6 26. Bxe6 Rxe6 27. exd4
exd4 28. f4 Rd7 29. e5 Qd8 30. Rd3 Rd5 31. Qd1 g5 32. f5 Rexe5 33. Rxe5 Rxe5
34. Rxd4 Rd5 35. Rxd5 Qxd5 36. Qxd5 cxd5 37. Kg2 Bf8 38. Kf3 Be7 39. f6 Bd8 40.
Ke3 Kf8 41. Be5 Ke8 42. Kd4 Kd7 43. Kxd5 a6 44. a4 Bc7 45. b5 Ba5 46. g4 Bb4
47. Bd6 axb5 48. axb5 Ba5 49. Bf8 Bd8 50. Ke5 Bc7+ 51. Kf5 Bf4 52. Ke4 Bg3 53.
Kd5 Bf4 54. Bh6 Be3 55. h4 Bf4 56. Bxg5 Bg3 57. h5 Bh2 58. Bd2 Bg3 59. Bc3 Bf4
60. c6+ bxc6+ 61. bxc6+ Kc8 62. Be5 Bd2 63. Ke4 Bc1 64. Kf5 Bd2 65. Bf4 Bb4 66.
g5 Kd8 67. g6 1-0

[Event "IV Open Inverno Vomero"]
[Site "Napoli ITA"]
[Date "2009.02.19"]
[Round "7"]
[White "Cosenza, Gianni"]
[Black "De Fazio, Giovanni"]
[Result "1-0"]
[WhiteElo "1944"]
[BlackElo "1812"]
[PlyCount "101"]
[EventDate "2009.01.08"]

1. e4 d5 2. exd5 Nf6 3. Bb5+ Bd7 4. Be2 Nxd5 5. d4 Bf5 6. a3 e6 7. c4 Nb6 8.
Nc3 Be7 9. Be3 Nc6 10. Nf3 O-O 11. Rc1 Bf6 12. b4 Re8 13. h3 Qd7 14. g4 Bg6 15.
g5 Be7 16. h4 Bh5 17. Ne4 Rad8 18. Ne5 Nxe5 19. Bxh5 Nexc4 20. Qb3 Nxe3 21.
fxe3 Qd5 22. Qxd5 Nxd5 23. Ke2 c6 24. Rhf1 Rf8 25. Bg4 Nc7 26. Nc5 Bxc5 27.
bxc5 Nd5 28. Rc2 Rfe8 29. Rb1 Rd7 30. Kf3 Rc7 31. Rb3 Ne7 32. Rcb2 Rb8 33. Bh3
Ng6 34. h5 Nh4+ 35. Kf4 g6 36. h6 Nf5 37. Bf1 Ne7 38. Ke5 Nd5 39. Bc4 Kf8 40.
e4 Ne7 41. Kd6 Rcc8 42. Rxb7 Rd8+ 43. Ke5 Rxb7 44. Rxb7 Ng8 45. a4 f6+ 46. gxf6
Nxh6 47. Bxe6 Re8 48. Kd6 g5 49. Rxh7 Rd8+ 50. Kc7 Re8 51. Rh8+ 1-0

[Event "IV Open Inverno Vomero"]
[Site "Napoli ITA"]
[Date "2009.02.19"]
[Round "7"]
[White "De Rosa, Francesco"]
[Black "Parente, Giuseppe"]
[Result "1-0"]
[WhiteElo "1948"]
[BlackElo "1841"]
[PlyCount "99"]
[EventDate "2009.01.08"]

1. d4 Nf6 2. c4 e6 3. g3 d5 4. Bg2 Be7 5. Nf3 Nbd7 6. Nc3 O-O 7. O-O Nb6 8.
cxd5 exd5 9. Bf4 c6 10. Ne5 Bf5 11. Qb3 h6 12. f3 Re8 13. Rac1 g5 14. Be3 Nfd7
15. Nxd7 Qxd7 16. Bf2 Nc4 17. Rcd1 Be6 18. Qc2 Bf5 19. e4 Bg6 20. Qc1 Nb6 21.
h4 Kg7 22. hxg5 hxg5 23. Be3 f6 24. f4 Nc4 25. fxg5 Nxe3 26. gxf6+ Bxf6 27.
Qxe3 Qg4 28. Rxf6 Kxf6 29. Qh6 Rg8 30. exd5 Rae8 31. d6 Kf7 32. Rf1+ Bf5 33.
Bh3 Qxg3+ 34. Kh1 Qxh3+ 35. Qxh3 Rh8 36. Rxf5+ Kg6 37. Rf3 Rxh3+ 38. Rxh3 Rd8
39. Ne4 Rd7 40. Kg2 b6 41. Kf3 Rf7+ 42. Ke3 Rd7 43. Rg3+ Kf5 44. Rf3+ Kg6 45.
Rf6+ Kg7 46. Kf4 Kg8 47. Kf5 Rd8 48. Rg6+ Kf7 49. Ng5+ Ke8 50. Rg8+ 1-0

[Event "IV Open Inverno Vomero"]
[Site "Napoli ITA"]
[Date "2009.02.19"]
[Round "7"]
[White "Di Gennaro, Antonio"]
[Black "Improta, Giovanni"]
[Result "0-1"]
[WhiteElo "1592"]
[BlackElo "1886"]
[PlyCount "68"]
[EventDate "2009.01.08"]

1. e4 Nf6 2. e5 Nd5 3. d4 d6 4. c4 Nb6 5. exd6 cxd6 6. Nc3 g6 7. Be3 Bg7 8. Rc1
N8d7 9. b3 Nf6 10. Be2 Nbd7 11. f4 Qa5 12. Bd2 Qd8 13. Nf3 Nf8 14. Be3 Ng4 15.
Qd2 Nxe3 16. Qxe3 Qa5 17. O-O Ne6 18. g4 Bh6 19. g5 Bg7 20. Rfd1 O-O 21. Bd3
Bd7 22. h4 Rfe8 23. Kf2 Nc7 24. Bb1 Bg4 25. Rg1 Bxf3 26. Kxf3 e5 27. d5 exf4
28. Qxf4 Bxc3 29. Qxd6 Be5 30. Qd7 Qd2 31. Qg4 Bd4 32. Rgf1 Qe2+ 33. Kg3 Re3+
34. Rf3 Be5+ 0-1

[Event "IV Open Inverno Vomero"]
[Site "Napoli ITA"]
[Date "2009.02.19"]
[Round "7"]
[White "Donzella, Emanuele"]
[Black "Esposito, Rosario"]
[Result "0-1"]
[WhiteElo "1673"]
[BlackElo "1867"]
[PlyCount "66"]
[EventDate "2009.01.08"]

1. g4 d5 2. g5 e5 3. d4 exd4 4. Qxd4 Nc6 5. Qd3 g6 6. Bh3 Nge7 7. Bxc8 Qxc8 8.
c3 Bg7 9. Na3 O-O 10. f4 d4 11. c4 Nb4 12. Qb3 c5 13. Bd2 Qc6 14. Nf3 a5 15.
Bxb4 axb4 16. Nb5 Nf5 17. O-O-O Rfe8 18. Kb1 Qe4+ 19. Rd3 Qxf4 20. Rf1 Rxe2 21.
Nd2 Qe5 22. Nf3 Qe7 23. Qd1 Re8 24. h4 Re3 25. h5 Qe4 26. Kc2 Rxd3 27. Qxd3
Ne3+ 28. Kd2 Qxd3+ 29. Kxd3 Nxf1 30. Nh4 Re3+ 31. Kc2 d3+ 32. Kd1 d2 33. hxg6
Re1+ 0-1

[Event "IV Open Inverno Vomero"]
[Site "Napoli ITA"]
[Date "2009.02.19"]
[Round "7"]
[White "Esposito, Pino"]
[Black "Perelli, Giuseppe"]
[Result "1/2-1/2"]
[WhiteElo "1832"]
[BlackElo "1416"]
[PlyCount "77"]
[EventDate "2009.01.08"]

1. d4 d5 2. c4 e6 3. Nc3 Bb4 4. Nf3 Nf6 5. a3 Bxc3+ 6. bxc3 Nbd7 7. Qc2 h6 8.
a4 O-O 9. e3 b6 10. Bd3 Bb7 11. cxd5 exd5 12. O-O Ne4 13. c4 Ndf6 14. cxd5 Bxd5
15. Ne5 Re8 16. f3 Nd6 17. e4 Bb7 18. Bb2 Nh5 19. g3 Qg5 20. Bc1 Qd8 21. Qb3 c5
22. Bb5 Nxb5 23. Qxf7+ Kh7 24. Bb2 Nxd4 25. Qg6+ Kg8 26. Qxh5 Qf6 27. Bxd4 cxd4
28. Nd3 Ba6 29. Rfd1 Qc6 30. Nb4 Qc4 31. Nxa6 Qxa6 32. Qd5+ Kh8 33. Qxd4 Rad8
34. Qb4 Qe2 35. Qb3 Rc8 36. Ra2 Rc3 37. Qxc3 Qxd1+ 38. Kg2 Rd8 39. Qc2 1/2-1/2

[Event "IV Open Inverno Vomero"]
[Site "Napoli ITA"]
[Date "2009.02.19"]
[Round "7"]
[White "Iannotta, Francesco"]
[Black "Rosato, Luciano"]
[Result "0-1"]
[WhiteElo "1566"]
[BlackElo "2267"]
[PlyCount "78"]
[EventDate "2009.01.08"]

1. e4 g6 2. d4 Bg7 3. Nc3 c6 4. Nf3 d6 5. Bg5 Qa5 6. h3 Nf6 7. Bd3 O-O 8. O-O
Nbd7 9. a3 e5 10. dxe5 dxe5 11. b4 Qc7 12. Qd2 Re8 13. Rfe1 Nf8 14. Bh4 Ne6 15.
Bg3 Nh5 16. Bh2 Nhf4 17. Ne2 h6 18. Rac1 Bd7 19. Qe3 h5 20. Bc4 Bh6 21. Nxf4
Nxf4 22. Qb3 Re7 23. h4 b5 24. Bd3 Be6 25. Qb2 f6 26. Bf1 Bg4 27. Qb3+ Kg7 28.
c4 Qb7 29. cxb5 cxb5 30. Rc5 a6 31. a4 Ne6 32. Rc3 Bxf3 33. gxf3 Bd2 34. Rcc1
Nd4 35. Qa3 Bxe1 36. Kg2 Bd2 37. Rd1 Bh6 38. Bd3 f5 39. exf5 Qxf3+ 0-1

[Event "IV Open Inverno Vomero"]
[Site "Napoli ITA"]
[Date "2009.02.19"]
[Round "7"]
[White "Irtuso, Emanuele"]
[Black "Borrelli, Salvatore"]
[Result "1-0"]
[WhiteElo "1714"]
[BlackElo "1746"]
[PlyCount "69"]
[EventDate "2009.01.08"]

1. e4 e6 2. d4 d5 3. Nd2 c5 4. c3 cxd4 5. cxd4 Nc6 6. Ngf3 dxe4 7. Nxe4 Bb4+ 8.
Nc3 Nf6 9. Be3 Nd5 10. Qc2 Qa5 11. Rc1 Qxa2 12. Bd3 Bxc3+ 13. bxc3 Qxc2 14.
Rxc2 Nxe3 15. fxe3 Bd7 16. Kf2 O-O 17. Rb1 b6 18. c4 f6 19. d5 Ne5 20. Be4 Nxf3
21. Bxf3 Rac8 22. Ra2 a5 23. Rxb6 e5 24. d6 a4 25. Bd5+ Kh8 26. Rb7 Rfd8 27.
Ra7 Bc6 28. Be6 Rb8 29. c5 Rb5 30. Rc2 Rbb8 31. Rc7 Ba8 32. Ra2 Rb4 33. d7 Bb7
34. c6 Ba6 35. Ra7 1-0

[Event "IV Open Inverno Vomero"]
[Site "Napoli ITA"]
[Date "2009.02.19"]
[Round "7"]
[White "Miccoli, Livio"]
[Black "Accardo, Francesco"]
[Result "0-1"]
[WhiteElo "1607"]
[BlackElo "1861"]
[PlyCount "118"]
[EventDate "2009.01.08"]

1. e4 b6 2. Nc3 e6 3. g3 Bb7 4. Bg2 f5 5. d3 Bb4 6. Bd2 h5 7. a3 Be7 8. Nf3 Nc6
9. Qe2 h4 10. h3 hxg3 11. fxg3 Nf6 12. exf5 Nh5 13. Qf2 O-O 14. g4 Nf6 15. fxe6
d5 16. O-O-O b5 17. Qe2 b4 18. Nb5 a6 19. Nbd4 bxa3 20. bxa3 Bxa3+ 21. Kb1 Ne7
22. Ng5 c5 23. Nb3 Qb6 24. Ka2 c4 25. dxc4 dxc4 26. Bxb7 cxb3+ 27. cxb3 Rab8
28. Qxa6 Qc7 29. Ba5 Qf4 30. Kxa3 Qxg5 31. Bc7 Qc5+ 32. Kb2 Qxc7 33. Bg2 Rb6
34. Qe2 Rfb8 35. Rd3 Ng6 36. Rc1 Qe7 37. g5 Nf4 38. Qf3 Nxd3+ 39. Qxd3 Rxb3+
40. Qxb3 Rxb3+ 41. Kxb3 Qxe6+ 42. Rc4 Nd7 43. Kc3 Qe5+ 44. Kb3 Qxg5 45. Bc6 Nf6
46. h4 Qg3+ 47. Kb4 Qe1+ 48. Kb3 Kf8 49. Ka4 Ke7 50. h5 Kd6 51. Bf3 Qa1+ 52.
Kb4 Qb2+ 53. Ka4 Qa2+ 54. Kb4 Qb1+ 55. Ka4 Qf1 56. Rc3 Ke5 57. Rc5+ Kd4 58. Rf5
Qa1+ 59. Kb5 Qb2+ 0-1

[Event "IV Open Inverno Vomero"]
[Site "Napoli ITA"]
[Date "2009.02.19"]
[Round "7"]
[White "Pinto, Gaetano"]
[Black "Lombardo, Michele"]
[Result "1/2-1/2"]
[WhiteElo "2044"]
[BlackElo "2021"]
[PlyCount "138"]
[EventDate "2009.01.08"]

1. d4 Nf6 2. Nf3 g6 3. c3 Bg7 4. Bg5 d6 5. Nbd2 c5 6. dxc5 dxc5 7. e4 O-O 8.
Be2 Nc6 9. O-O Qc7 10. Qc2 b6 11. Rfe1 Bb7 12. a4 a6 13. Nc4 Rfd8 14. Bf1 Rac8
15. h3 h6 16. Be3 Na5 17. Nfd2 Nxc4 18. Bxc4 Qc6 19. Qb3 e6 20. f3 Nd7 21. Bf1
Ne5 22. Nc4 Nxc4 23. Bxc4 g5 24. Red1 Be5 25. h4 gxh4 26. Bxh6 h3 27. g4 Qc7
28. Bg5 Bh2+ 29. Kh1 Rxd1+ 30. Qxd1 Bf4 31. Bf6 Be5 32. Bxe5 Qxe5 33. Qe2 Rd8
34. Rd1 Rxd1+ 35. Qxd1 Qf4 36. Bf1 Qg3 37. Qd8+ Kh7 38. Qf6 Kg8 39. Qg5+ Kf8
40. Qh6+ Ke7 41. Qxh3 Qxh3+ 42. Bxh3 Bc6 43. Bf1 f5 44. gxf5 exf5 45. exf5
Bxf3+ 46. Kh2 Be4 47. Bxa6 Bxf5 48. Kg3 Kd6 49. Kf4 Bc2 50. Bb5 Kd5 51. Ke3 Bg6
52. Bd3 Be8 53. b3 Bh5 54. Kf4 Bd1 55. Bc4+ Kd6 56. Kf5 Bh5 57. Kg5 Be8 58. Kf6
Bh5 59. Kg5 Be8 60. Bg8 Ke5 61. Bh7 Bf7 62. Bc2 Be8 63. Kh6 Kf4 64. Kg7 Ke3 65.
Kf8 Bh5 66. b4 Kd2 67. bxc5 bxc5 68. Be4 Kxc3 69. a5 Be2 1/2-1/2

[Event "IV Open Inverno Vomero"]
[Site "Napoli ITA"]
[Date "2009.02.19"]
[Round "7"]
[White "Sorrentino, Michele"]
[Black "Gallo, Thomas Renato"]
[Result "1-0"]
[WhiteElo "2026"]
[BlackElo "1888"]
[PlyCount "143"]
[EventDate "2009.01.08"]

1. e4 Nf6 2. d3 e5 3. Nf3 d6 4. Be2 Be7 5. O-O O-O 6. Nc3 a6 7. Bg5 Nbd7 8. Qd2
c5 9. a4 Re8 10. Rfe1 Nf8 11. a5 Ne6 12. Bxf6 Bxf6 13. Nd5 Bd7 14. b4 Bc6 15.
Nb6 Rb8 16. g3 cxb4 17. Qxb4 Be7 18. Qd2 Qc7 19. Bf1 Rbd8 20. Qe3 g6 21. c3 Nc5
22. Nd2 Bf6 23. Bg2 Qe7 24. Rad1 Bb5 25. Bf1 Bg5 26. Qf3 Bc6 27. Bg2 Qf6 28.
Qe2 Bb5 29. Nf1 Bc6 30. Ne3 Bxe3 31. Qxe3 Qe6 32. d4 exd4 33. cxd4 Bb5 34. dxc5
dxc5 35. Qxc5 Rxd1 36. Rxd1 Qb3 37. Qd4 Bc6 38. Nd5 Re6 39. Ne3 Qb5 40. Ng4 Qg5
41. h3 h5 42. Ne3 Qxa5 43. Nc4 Qb4 44. Ne3 Qxd4 45. Rxd4 Kf8 46. f4 a5 47. Nc4
a4 48. e5 b5 49. Na3 Be8 50. Bf1 g5 51. Nxb5 gxf4 52. gxf4 Rb6 53. Na3 Rb3 54.
Rd3 Rb4 55. f5 Re4 56. Rd5 Re3 57. Nc2 Rc3 58. Nb4 Rb3 59. Na2 Bc6 60. Rd2 a3
61. f6 Ke8 62. Rc2 Bd7 63. h4 Be6 64. Be2 Rb2 65. Rxb2 axb2 66. Nc3 Bf5 67.
Bxh5 b1=Q+ 68. Nxb1 Bxb1 69. e6 Ba2 70. Bxf7+ Kf8 71. Kf2 Bb1 72. Kg3 1-0

[Event "C.to Provinciale BI-VC"]
[Site "Santhia' ITA"]
[Date "2009.01.23"]
[Round "3"]
[White "Zannoni, Gianni"]
[Black "Caldi, Mario"]
[Result "1-0"]
[WhiteElo "1847"]
[BlackElo "1814"]
[PlyCount "117"]
[EventDate "2009.01.09"]

1. Nf3 Nf6 2. c4 e6 3. g3 b6 4. Bg2 Bb7 5. O-O c5 6. d3 d5 7. b3 Qc7 8. Bb2 d4
9. e3 Nc6 10. exd4 Rd8 11. d5 exd5 12. Bxf6 gxf6 13. Qe2+ Qe7 14. Re1 d4 15.
Qd2 Ne5 16. Nxe5 fxe5 17. Bxb7 Qxb7 18. Rxe5+ Kd7 19. Qf4 Kc8 20. Nd2 Bd6 21.
Qf5+ Qd7 22. Qxd7+ Rxd7 23. Re2 Re7 24. Rae1 Rhe8 25. Rxe7 Rxe7 26. Rxe7 Bxe7
27. Kg2 Kd7 28. g4 Ke6 29. f4 h6 30. Kf3 f5 31. h3 a6 32. Nf1 Bh4 33. Ng3 fxg4+
34. hxg4 Be7 35. Nf5 Bf8 36. Ke4 Kf6 37. Nh4 Ke6 38. Ng6 Bd6 39. Ne5 Bf8 40.
f5+ Kd6 41. Ng6 Bg7 42. Nf4 Bf6 43. Ne6 Be7 44. Kf4 b5 45. g5 hxg5+ 46. Nxg5
bxc4 47. bxc4 Bf8 48. Ke4 Bg7 49. Nh7 Bh6 50. Nf6 Bg5 51. Nd5 Bd8 52. Kf4 a5
53. a4 Bh4 54. Kg4 Bd8 55. Kh5 Ke5 56. Kg6 Bh4 57. f6 Bxf6 58. Nxf6 Kf4 59. Nd7
1-0

[Event "C.to Provinciale BI-VC"]
[Site "Santhia' ITA"]
[Date "2009.02.13"]
[Round "6"]
[White "Favoni, Matteo"]
[Black "Ubezio, Marco"]
[Result "1-0"]
[WhiteElo "2013"]
[BlackElo "2183"]
[PlyCount "65"]
[EventDate "2009.01.09"]

1. d4 d5 2. c4 Nc6 3. Nc3 dxc4 4. Nf3 Nf6 5. e4 Bg4 6. Be3 Bxf3 7. gxf3 e5 8.
d5 Nb8 9. Bxc4 Nbd7 10. Rg1 Nb6 11. Bb5+ Nfd7 12. f4 a6 13. Be2 exf4 14. Bxf4
Bc5 15. Qd2 Qf6 16. Rg5 O-O-O 17. e5 Qe7 18. O-O-O f6 19. d6 cxd6 20. exd6 Qf7
21. Rxc5+ Nxc5 22. Be3 Ncd7 23. Bxb6 Nxb6 24. Qd4 Nd7 25. Bc4 Qh5 26. Qa7 Qg5+
27. Kb1 Qf5+ 28. Ka1 Nb8 29. Na4 Rxd6 30. Rxd6 Qc2 31. Be6+ Nd7 32. Bxd7+ Kd8
33. Bf5+ 1-0

[Event "C.to Provinciale PD-RO"]
[Site "Monselice ITA"]
[Date "2009.01.09"]
[Round "1"]
[White "Calicchia, Giovanni"]
[Black "Zanini, Andrea"]
[Result "1/2-1/2"]
[WhiteElo "1934"]
[BlackElo "1674"]
[PlyCount "94"]
[EventDate "2009.01.09"]

1. e4 d5 2. exd5 Nf6 3. Bb5+ Nbd7 4. Nc3 a6 5. Be2 Nb6 6. Nf3 Bg4 7. O-O Nfxd5
8. Nxd5 Nxd5 9. d4 h6 10. Re1 e6 11. a3 c5 12. c4 Nf6 13. d5 Bd6 14. h3 Bh5 15.
dxe6 fxe6 16. Bd3 Bf7 17. Qc2 O-O 18. Bg6 Bxg6 19. Qxg6 Qe8 20. Qxe8 Rfxe8 21.
Ne5 Rad8 22. Ng4 Nxg4 23. hxg4 g5 24. Be3 Bf8 25. Rad1 Kf7 26. Kf1 b6 27. Ke2
Bg7 28. b3 Bc3 29. Rh1 Kg6 30. Rh3 Rxd1 31. Kxd1 Rd8+ 32. Ke2 Bd4 33. Bxd4 Rxd4
34. Re3 Kf6 35. f3 e5 36. Rc3 Ke6 37. Rc1 Kf6 38. Ke3 Kg6 39. Rf1 Kf6 40. g3
Kg6 41. Rf2 Kg7 42. Rf1 Kg6 43. Rc1 Kf6 44. a4 a5 45. Rc2 Kg6 46. Rh2 Kg7 47.
Rh5 Kg6 1/2-1/2